Statistiques concernant Quel maestro a perdu sur cette chanson ? #Noplp

Cliquez ici pour prendre le quiz!

Statistiques générales

  • Ce quiz a été pris 52 fois
  • Le résultat moyen est 14 sur 45

Statistiques - réponses

HintRéponse% Correct
AïchaArsène
67%
Toute la pluie tombe sur moiMargaux
57%
MexicoMaureen
57%
Les démons de minuitMicka / Lucile / Laure
53%
A toutes les fillesJérémy
50%
Color GitanoLouis
50%
Viens on s'aimeManon (4ème)
50%
Manhattan-KaboulToni / Aline (40ème)
50%
Tomber (De palmas)Caroline (2ème)
43%
Eve lève-toiCindy
43%
Donne-moi le tempsCharlotte / Elodie (36ème)
40%
Quand je vois tes yeuxHéloïse
40%
Les villes de solitudeHervé
40%
La madragueKévin / Alessandra
40%
For me FormidableKristopher
40%
CasséRenaud
40%
Jeune et conAgathe
37%
Puisque tu parsJennifer
37%
La Dernière séanceMickaël
37%
La bohèmeValérie / Aline (29ème)
37%
La montagneCoralie
33%
VaninaNatasha
33%
Chez LauretteGeoffrey
30%
Entre nousLucie
30%
Envole-moiManon (14ème)
30%
On s'attacheKaël
27%
Tombé pour la FranceLaurent
27%
Une autre histoireFranck (24ème)
23%
Tous les mêmesViolaine
23%
Nuit magiqueBaptiste
20%
L'assasymphonieCaroline (12ème)
20%
Petite MarieElodie (37ème)
20%
SoulmanGauthier
20%
Mon frère (Le Forestier)Cinthya
17%
L'AzizaDenis
17%
Qui de nous deuxFranck (39ème)
17%
Moi aimer toiLéa
17%
Tu ne m'as pas laissé le tempsSoriana
17%
Parle-moi (Boulay)Julien
13%
Il y a trop de gens qui t'aimentPaul
10%
Il me dit que je suis belleVirginie
7%
LibertineDorian
3%
L'instant XEstelle
3%
La lettreJohanna
3%
Evidemment (Gall)Sarah
3%

Distribution des résultats

Percentile par nombre de réponses

% des personnes avec chaque résultat

Votre développement - résultats

Vous n’avez pas pris ce quiz